Definición de una política de seguridad para una red local conectada a internet

Explora una de las áreas más importantes en el diseño de redes denominada seguridad. Muy específicamente se aborda el tema de diseño de políticas de seguridad para Redes de Área local conectadas a Internet. El punto de partida es el Análisis de los protocolos TCP/IP debido a que estos son lo...

Full description

Bibliographic Details
Main Author: Gómez Gurdián, Mariela Ninette
Other Authors: Tutor: Sáenz Artola, Esmilda
Format: Tesis Section = Libro
Language:Undetermined
Spanish
Published: Managua UNI 1999
Subjects:
LEADER 01416nam a2200217Ia 4500
008 240830s9999 xx 000 0 und d
040 |a BIBLIOTECA-RUSB/ Mon 001.64404 G633 
041 |a spa 
082 |a Mon 001.64404 G633 
100 1 |a Gómez Gurdián, Mariela Ninette 
245 1 0 |a Definición de una política de seguridad para una red local conectada a internet 
260 |a Managua  |b UNI  |c 1999 
300 |a 183 p. :il. 
502 |a Tesis (Ingeniero en Computación) - UNI, 1999. 
520 3 |a Explora una de las áreas más importantes en el diseño de redes denominada seguridad. Muy específicamente se aborda el tema de diseño de políticas de seguridad para Redes de Área local conectadas a Internet. El punto de partida es el Análisis de los protocolos TCP/IP debido a que estos son los protocolos que se utilizan como base para establecer comunicación entre el conjunto de máquinas que conforman una red y muy especialmente de aquellas que se conectan a la red de redes Internet. Abarca: Protocolos TCP/IP, Principios de Seguridad, Diseño de una política de Seguridad, Amenazas de Seguridad, Firewalls, Implementación practica de una política de seguridad, conclusiones, recomendaciones. 
650 7 |a SISTEMAS DE REDES - POLÍTICA 
650 7 |b  REDES DE INFORMACIÓN - SEGURA 
700 1 |a Tutor:  |b Sáenz Artola, Esmilda 
942 |c BK  |2 ddc 
991 |a TESIS 
999 |c 19568